[Event "Siena Magari Memorial op 7th"]
[Site "Siena"]
[Date "2002.11.03"]
[Round "6"]
[White "Pasotti, Andrea"]
[Black "Traversi, Carlo"]
[Result "1-0"]
[WhiteElo "1705"]
[BlackElo "1537"]
[PlyCount "35"]
[EventDate "2002.11.01"]
[EventType "swiss"]
[EventRounds "6"]
[EventCountry "ITA"]
[SourceTitle "EXT 2007"]
[Source "ChessBase"]
[SourceDate "2006.11.23"]
[SourceVersion "1"]
[SourceVersionDate "2006.11.23"]
[SourceQuality "1"]

1. e4 d5 2. exd5 Qxd5 3. Nc3 Qd8 4. Bc4 Nf6 5. h3 g6 6. Nf3 Bg7 7. d4 c6 8. 0-0 0-0 9. Bg5 Nbd7 10. Qd2 Nb6 11. Bb3 Bf5 12. Rad1 Be4 13. Bxf6 Bxf3 14. Bxg7 Kxg7 15. gxf3 Qd7 16. Kg2 f5 17. d5 f4 18. Qd4+ 1-0